[Event "Copenhagen Chess Challenge 2013"]
[Site "Ballerup"]
[Date "2013.??.??"]
[Round "5"]
[White "Westerinen, Heikki"]
[Black "Hove, Esben Kjems"]
[Result "1/2-1/2"]
[WhiteElo "2335"]
[BlackElo "2233"]
[PlyCount "82"]
[EventDate "2013.??.??"]
[EventType "swiss"]
[EventRounds "9"]
[EventCountry "DEN"]

1. e4 c6 2. d4 d5 3. Nc3 dxe4 4. Nxe4 Bf5 5. Ng3 Bg6 6. h4 h6 7. h5 Bh7 8. Nf3
e6 9. Bd3 Bxd3 10. Qxd3 Nf6 11. Bf4 Qa5+ 12. c3 Nbd7 13. a4 c5 14. O-O Be7 15.
Rfe1 O-O 16. Qb5 Qxb5 17. axb5 Nd5 18. Bd2 cxd4 19. Nxd4 Bf6 20. Nge2 Nc5 21.
Ra3 Ne4 22. Bc1 e5 23. Nc2 Be7 24. b4 Rfc8 25. Ne3 Nc7 26. Rb3 Nxb5 27. c4 Nc7
28. Nf5 Bf8 29. Neg3 Nxg3 30. Rxg3 Kh7 31. Rxe5 Ne6 32. c5 a5 33. Ba3 axb4 34.
Bxb4 Ra4 35. Ba3 Rca8 36. Ree3 R8a5 37. Rc3 Nd4 38. Nxd4 Rxd4 39. Rgf3 Kg8 40.
Rfe3 Ra8 41. Rb3 Rd7 1/2-1/2

[Event "Copenhagen Chess Challenge 2013"]
[Site "Ballerup"]
[Date "2013.??.??"]
[Round "5"]
[White "Jacobsen, Bo"]
[Black "Skousen, Nikolai"]
[Result "1-0"]
[WhiteElo "2310"]
[BlackElo "2192"]
[PlyCount "81"]
[EventDate "2013.??.??"]
[EventType "swiss"]
[EventRounds "9"]
[EventCountry "DEN"]

1. c4 e5 2. g3 d6 3. Bg2 f5 4. d4 e4 5. Nc3 Nf6 6. Nh3 Be7 7. O-O c6 8. d5 Na6
9. f3 cxd5 10. cxd5 exf3 11. exf3 O-O 12. Re1 Nc7 13. Nf4 b5 14. a3 a5 15. Be3
Re8 16. Rc1 b4 17. Na4 Na6 18. Bb6 Qd7 19. Ne6 Bf8 20. f4 Bb7 21. Bf2 Qf7 22.
Nb6 Rab8 23. Qd3 Qh5 24. Bd4 Ne4 25. Nd7 Ra8 26. Nexf8 Rxf8 27. Nxf8 Rxf8 28.
Qb5 Qf7 29. Qxa5 bxa3 30. Qxa3 Qxd5 31. Rcd1 Qb5 32. Bxe4 Bxe4 33. Qxd6 Qb7 34.
Ra1 Bh1 35. Re2 Nc7 36. Ra3 Nb5 37. Qe6+ Kh8 38. Qe7 Qxe7 39. Rxe7 Nxd4 40.
Kxh1 h5 41. Raa7 1-0

[Event "Copenhagen Chess Challenge 2013"]
[Site "Ballerup"]
[Date "2013.??.??"]
[Round "5"]
[White "Pedersen, Sven"]
[Black "Semcesen, Daniel"]
[Result "0-1"]
[WhiteElo "2083"]
[BlackElo "2464"]
[PlyCount "78"]
[EventDate "2013.??.??"]
[EventType "swiss"]
[EventRounds "9"]
[EventCountry "DEN"]

1. e4 e5 2. Nf3 Nc6 3. Bb5 a6 4. Ba4 Nf6 5. O-O Nxe4 6. d4 b5 7. Bb3 d5 8. dxe5
Be6 9. Nbd2 Nc5 10. c3 Bg4 11. h3 Bh5 12. Bc2 Ne6 13. g4 Bg6 14. Nb3 Qd7 15.
Be3 Be7 16. Bf5 O-O 17. Qd2 f6 18. exf6 Rxf6 19. Nbd4 Ncxd4 20. Bxd4 Rxf5 21.
gxf5 Bxf5 22. Qe3 Nxd4 23. cxd4 Bxh3 24. Ne5 Qe6 25. Rfe1 Bd6 26. Qg3 Rf8 27.
Re3 Bf5 28. Qg5 h6 29. Qh5 Be4 30. f3 Rf5 31. Qh1 Bxe5 32. dxe5 Qb6 33. Kf2 Qd4
34. Rae1 Qxe5 35. R1e2 Qf6 36. Rd2 Rg5 37. Qh3 Kh7 38. Rc3 d4 39. Rb3 c5 0-1

[Event "Copenhagen Chess Challenge 2013"]
[Site "Ballerup"]
[Date "2013.??.??"]
[Round "5"]
[White "Bejtovic, Jasmin"]
[Black "Brondt, Nicolai Kvist"]
[Result "1/2-1/2"]
[WhiteElo "2406"]
[BlackElo "2169"]
[PlyCount "82"]
[EventDate "2013.??.??"]
[EventType "swiss"]
[EventRounds "9"]
[EventCountry "DEN"]

1. c4 c6 2. Nc3 d5 3. e3 Nf6 4. Nf3 a6 5. b3 g6 6. Bb2 Bg7 7. d4 O-O 8. Bd3 Re8
9. O-O Nbd7 10. cxd5 Nxd5 11. Nxd5 cxd5 12. Rc1 Nb8 13. b4 Bg4 14. Be2 Nc6 15.
Qb3 e6 16. a4 Qb6 17. b5 Bxf3 18. gxf3 Rec8 19. Bc3 Bf8 20. Qb1 axb5 21. Bxb5
Na5 22. Bb4 Nc4 23. Bxf8 Kxf8 24. Qb4+ Kg7 25. Rc2 Nd6 26. Rc5 Nxb5 27. Rxb5
Qd8 28. Rxb7 Rc4 29. Qe7 Qxe7 30. Rxe7 Rcxa4 31. Rb1 Ra1 32. Rxa1 Rxa1+ 33. Kg2
g5 34. Rd7 Rd1 35. Rd8 Kg6 36. Rg8+ Kf6 37. Rh8 Kg6 38. Rg8+ Kf6 39. Rh8 Kg7
40. Rd8 Kf6 41. Rh8 Kg7 1/2-1/2

[Event "Copenhagen Chess Challenge 2013"]
[Site "Ballerup"]
[Date "2013.??.??"]
[Round "5"]
[White "Ochsner, Bjorn Moller"]
[Black "Percivaldi, Martin"]
[Result "1/2-1/2"]
[WhiteElo "2347"]
[BlackElo "2097"]
[PlyCount "149"]
[EventDate "2013.??.??"]
[EventType "swiss"]
[EventRounds "9"]
[EventCountry "DEN"]

1. e4 e6 2. d4 d5 3. Nc3 Nf6 4. e5 Nfd7 5. f4 c5 6. Nf3 Nc6 7. Be3 a6 8. Qd2 b5
9. Be2 Qb6 10. O-O Bb7 11. Rad1 g6 12. Qe1 cxd4 13. Nxd4 Bc5 14. Qf2 Nxd4 15.
Bxd4 Bxd4 16. Qxd4 Qxd4+ 17. Rxd4 Nb8 18. Rd2 Nc6 19. Kf2 Ke7 20. Bd3 f6 21.
exf6+ Kxf6 22. Kg3 Rhe8 23. Ne2 Rad8 24. Ng1 Re7 25. Nf3 b4 26. Re1 Rde8 27.
Ne5 Nxe5 28. fxe5+ Kg7 29. Rf1 a5 30. Rf6 Bc6 31. Be2 Bd7 32. h4 Rf7 33. Rxf7+
Kxf7 34. Kf4 Rf8 35. Bd3 Rb8 36. Be2 Rf8 37. Bd3 Rb8 38. Be2 Rf8 39. Ke3 Ke7
40. Bd3 Rb8 41. Kd4 Rc8 42. Rf2 Be8 43. Rf6 Bf7 44. g4 Rc7 45. g5 Bg8 46. h5
gxh5 47. Rh6 Kf8 48. Rxh5 Kg7 49. Rh6 Rc8 50. Rf6 Rc7 51. c3 bxc3 52. bxc3 Rc6
53. Bb5 Rc7 54. c4 dxc4 55. Bxc4 Rc6 56. Bd5 Rc2 57. Bb3 Rc6 58. Bd5 Rc2 59.
Bxe6 Bxe6 60. Rxe6 Rxa2 61. Ra6 a4 62. Kd5 a3 63. Ke6 Kg6 64. Kd7+ Kxg5 65. e6
Rd2+ 66. Ke8 Re2 67. e7 h5 68. Ra5+ Kg4 69. Ra4+ Kg5 70. Kf7 h4 71. Ra5+ Kg4
72. Ra4+ Kg5 73. Ra5+ Kg4 74. Ra6 h3 75. Ra4+ 1/2-1/2

[Event "Copenhagen Chess Challenge 2013"]
[Site "Ballerup"]
[Date "2013.??.??"]
[Round "5"]
[White "Jacobsen, Mads Holger Bang"]
[Black "Lindgren, Philip"]
[Result "1/2-1/2"]
[WhiteElo "2050"]
[BlackElo "2260"]
[PlyCount "65"]
[EventDate "2013.??.??"]
[EventType "swiss"]
[EventRounds "9"]
[EventCountry "DEN"]

1. d4 Nf6 2. c4 e6 3. Nc3 Bb4 4. Qc2 O-O 5. a3 Bxc3+ 6. Qxc3 d5 7. Bg5 dxc4 8.
Qxc4 b6 9. Nf3 Ba6 10. Qa4 h6 11. Bxf6 Qxf6 12. g3 Bb7 13. Bg2 c5 14. O-O Bc6
15. Qc4 Rc8 16. dxc5 Nd7 17. Qd4 Qxd4 18. Nxd4 Bxg2 19. Kxg2 Rxc5 20. Rac1 Rac8
21. Nb3 Rc2 22. Rfd1 Ne5 23. Rd8+ Rxd8 24. Rxc2 Rd7 25. h3 g5 26. Nd2 Kg7 27.
Nf3 Kf6 28. Nxe5 Kxe5 29. Kf3 f6 30. Ke3 h5 31. Rc4 Rd5 32. Re4+ Kd6 33. Rd4
1/2-1/2

[Event "Copenhagen Chess Challenge 2013"]
[Site "Ballerup"]
[Date "2013.??.??"]
[Round "5"]
[White "Kenneskog, Theodor"]
[Black "Brekka, Hanus"]
[Result "1-0"]
[WhiteElo "2234"]
[BlackElo "2092"]
[PlyCount "65"]
[EventDate "2013.??.??"]
[EventType "swiss"]
[EventRounds "9"]
[EventCountry "DEN"]

1. e4 c5 2. Nf3 e6 3. g3 Nc6 4. Bg2 d6 5. O-O Nf6 6. Qe2 Be7 7. c3 O-O 8. d4
cxd4 9. cxd4 d5 10. e5 Ne4 11. Nc3 f5 12. exf6 Bxf6 13. Rd1 Nd6 14. Bf4 Nf5 15.
Nb5 Rf7 16. Ne5 Bxe5 17. Bxe5 a6 18. Nc3 Qb6 19. Nxd5 exd5 20. Bxd5 Nce7 21.
Bxf7+ Kxf7 22. Rac1 Qe6 23. d5 Nxd5 24. Qh5+ Kf8 25. Rc5 Nfe7 26. Rcxd5 Nxd5
27. Rxd5 Bd7 28. Qg5 Ke8 29. Bc3 Qg4 30. Qe5+ Be6 31. Rd6 Kf7 32. h3 Qg6 33.
Rxe6 1-0

[Event "Copenhagen Chess Challenge 2013"]
[Site "Ballerup"]
[Date "2013.??.??"]
[Round "5"]
[White "Schou Moldt, Thomas"]
[Black "Nielsen, Brian"]
[Result "1-0"]
[WhiteElo "2220"]
[BlackElo "2022"]
[PlyCount "49"]
[EventDate "2013.??.??"]
[EventType "swiss"]
[EventRounds "9"]
[EventCountry "DEN"]

1. e4 d6 2. d4 Nf6 3. Nc3 g6 4. h3 Bg7 5. Be3 O-O 6. Qd2 c6 7. a4 Nbd7 8. Nf3
b6 9. Bd3 Bb7 10. Qe2 e5 11. dxe5 Nxe5 12. Nxe5 dxe5 13. a5 Re8 14. O-O Qc7 15.
b4 Bf8 16. Rfb1 c5 17. Qf3 cxb4 18. Na2 Nd7 19. a6 Bc6 20. Nxb4 Re6 21. Qe2 Bc5
22. Bc4 Rd6 23. Nxc6 Bxe3 24. Ne7+ Kf8 25. Nd5 1-0

[Event "Copenhagen Chess Challenge 2013"]
[Site "Ballerup"]
[Date "2013.??.??"]
[Round "5"]
[White "Frisk, Ellinor"]
[Black "Johansen, Johnny Holler"]
[Result "0-1"]
[WhiteElo "2194"]
[BlackElo "2016"]
[PlyCount "97"]
[EventDate "2013.??.??"]
[EventType "swiss"]
[EventRounds "9"]
[EventCountry "DEN"]

1. Nf3 d5 2. c4 c6 3. e3 Bf5 4. cxd5 cxd5 5. Qb3 Qc7 6. Nc3 e6 7. Nb5 Qb6 8.
Qc3 Nc6 9. Nd6+ Bxd6 10. Qxg7 O-O-O 11. Qxh8 f6 12. Qg7 d4 13. Bc4 dxe3 14.
fxe3 Qc5 15. Be2 Nb4 16. Nd4 Nd3+ 17. Bxd3 Bxd3 18. Qg4 f5 19. Qf3 Be4 20. Qf2
Qd5 21. Nf3 Nf6 22. d4 Kb8 23. Bd2 Ng4 24. Qe2 Rc8 25. Bc3 Rg8 26. Rf1 Nxh2 27.
Nxh2 Rxg2 28. Qh5 Bg3+ 29. Kd1 Bxh2 30. Qe8+ Kc7 31. Qe7+ Kc8 32. Qc5+ Qxc5 33.
dxc5 Bd3 34. Rh1 Bc2+ 35. Kc1 Be4 36. Bd2 Re2 37. Re1 Rf2 38. a4 Be5 39. Ra3 h5
40. Bc3 Bg3 41. Rg1 h4 42. Bf6 Rc2+ 43. Kd1 Rxc5 44. Rc3 Rxc3 45. bxc3 Kd7 46.
Ke2 Kc6 47. Bg5 Kc5 48. Kd2 Kc4 49. Bf6 0-1

[Event "Copenhagen Chess Challenge 2013"]
[Site "Ballerup"]
[Date "2013.??.??"]
[Round "5"]
[White "Martins, David Pires Tavares"]
[Black "Andersen, Kim Nyvang"]
[Result "1/2-1/2"]
[WhiteElo "2183"]
[BlackElo "2003"]
[PlyCount "58"]
[EventDate "2013.??.??"]
[EventType "swiss"]
[EventRounds "9"]
[EventCountry "DEN"]

1. e4 c5 2. Nf3 Nc6 3. Bb5 e6 4. Bxc6 bxc6 5. d3 Ne7 6. Be3 Ng6 7. h4 h5 8.
Nbd2 Be7 9. Nb3 d6 10. e5 Nxe5 11. Nxe5 dxe5 12. O-O c4 13. dxc4 Bxh4 14. Qf3
Qc7 15. Bc5 f5 16. Rad1 e4 17. Qe3 Be7 18. f3 exf3 19. Rxf3 O-O 20. Bxe7 Qxe7
21. Qe5 Qf6 22. Qc5 Qxb2 23. c3 Qe2 24. Rfd3 e5 25. R3d2 Qe4 26. Rd6 f4 27. Rd8
Rxd8 28. Rxd8+ Kh7 29. Qf8 Qe1+ 1/2-1/2

[Event "Copenhagen Chess Challenge 2013"]
[Site "Ballerup"]
[Date "2013.??.??"]
[Round "5"]
[White "Poulsen, Iver"]
[Black "Aabling Thomsen, Jakob"]
[Result "1/2-1/2"]
[WhiteElo "2057"]
[BlackElo "2320"]
[PlyCount "117"]
[EventDate "2013.??.??"]
[EventType "swiss"]
[EventRounds "9"]
[EventCountry "DEN"]

1. e4 d6 2. d4 Nf6 3. Nc3 g6 4. Nf3 Bg7 5. Be2 O-O 6. Bg5 a6 7. a4 Nc6 8. Qd2
Bg4 9. O-O Bxf3 10. Bxf3 e5 11. dxe5 Nxe5 12. Be2 Re8 13. Qf4 Ned7 14. Bf3 Nc5
15. Qd2 Ne6 16. Be3 Nd7 17. Be2 Ndc5 18. f3 a5 19. b3 c6 20. Rad1 Qe7 21. Bc4
Red8 22. Bxe6 fxe6 23. Bd4 e5 24. Bxc5 dxc5 25. Qe3 Bf6 26. Rxd8+ Rxd8 27. Rd1
Rd4 28. Qe2 Qd6 29. Kf1 Bg5 30. Rxd4 cxd4 31. Qc4+ Kg7 32. Nd1 h5 33. Nf2 Qa3
34. Qe2 b5 35. axb5 cxb5 36. Qxb5 Qc1+ 37. Ke2 Qd2+ 38. Kf1 Qc1+ 39. Ke2 Qxc2+
40. Kf1 Bf6 41. g3 Kh6 42. h4 Qd2 43. Qb6 Bg7 44. Kg2 Qc2 45. Qxa5 d3 46. Qe1
d2 47. Qd1 Qc1 48. Kf1 Bf8 49. Ke2 Kh7 50. Qxd2 Qg1 51. Qd7+ Kh6 52. Qd8 Bg7
53. g4 hxg4 54. Nxg4+ Kh7 55. Qe7 Qg2+ 56. Ke3 Qg1+ 57. Ke2 Qg2+ 58. Ke3 Qg1+
59. Ke2 1/2-1/2

[Event "Copenhagen Chess Challenge 2013"]
[Site "Ballerup"]
[Date "2013.??.??"]
[Round "5"]
[White "Rhee, Alexander"]
[Black "Slettebo, Jan"]
[Result "1/2-1/2"]
[WhiteElo "2147"]
[BlackElo "2054"]
[PlyCount "35"]
[EventDate "2013.??.??"]
[EventType "swiss"]
[EventRounds "9"]
[EventCountry "DEN"]

1. Nf3 Nc6 2. d4 d5 3. g3 Bg4 4. Bg2 Bxf3 5. Bxf3 Nf6 6. c4 e6 7. O-O Be7 8.
cxd5 Nxd5 9. a3 O-O 10. b4 a5 11. b5 Na7 12. e4 Nb6 13. Nc3 c6 14. Qd3 c5 15.
Be3 e5 16. d5 Bd6 17. Bg4 Qe7 18. Qe2 1/2-1/2

[Event "Copenhagen Chess Challenge 2013"]
[Site "Ballerup"]
[Date "2013.??.??"]
[Round "5"]
[White "Olsen, Michael Richard W"]
[Black "Lepot, Simon"]
[Result "0-1"]
[WhiteElo "1977"]
[BlackElo "2075"]
[PlyCount "52"]
[EventDate "2013.??.??"]
[EventType "swiss"]
[EventRounds "9"]
[EventCountry "DEN"]

1. e4 c5 2. Nf3 d6 3. d4 cxd4 4. c3 dxc3 5. Nxc3 Nc6 6. Bc4 a6 7. Be3 Nf6 8.
Qb3 e6 9. Bb6 Qe7 10. a4 Nd7 11. a5 Nxb6 12. axb6 Rb8 13. O-O g6 14. Rfe1 Bg7
15. Nd5 exd5 16. exd5 Ne5 17. Nxe5 dxe5 18. d6 Qf6 19. Rad1 Bd7 20. f4 O-O 21.
fxe5 Qf5 22. e6 Bxe6 23. Rxe6 Qc5+ 24. Qe3 Qxc4 25. Re4 Qc6 26. d7 Rbd8 0-1

[Event "Copenhagen Chess Challenge 2013"]
[Site "Ballerup"]
[Date "2013.??.??"]
[Round "5"]
[White "Vesterli, Michael E"]
[Black "Tandrup, Michael"]
[Result "1-0"]
[WhiteElo "2015"]
[BlackElo "1977"]
[PlyCount "53"]
[EventDate "2013.??.??"]
[EventType "swiss"]
[EventRounds "9"]
[EventCountry "DEN"]

1. d4 d5 2. c4 dxc4 3. e4 e5 4. d5 Nf6 5. Nc3 Bd6 6. Bxc4 O-O 7. Bg5 c6 8. Nf3
b5 9. Bb3 b4 10. Ne2 h6 11. Bxf6 Qxf6 12. Rc1 c5 13. O-O Nd7 14. Ba4 Nb6 15.
Bc6 Rb8 16. Nd2 Ba6 17. b3 Qg6 18. Re1 Bd3 19. Ng3 Ba6 20. Nf5 Bc8 21. Nxd6
Qxd6 22. Qc2 f5 23. Qxc5 Qg6 24. Qxb4 fxe4 25. Qxe4 Bf5 26. Qxe5 Rf6 27. Qxb8+
1-0

[Event "Copenhagen Chess Challenge 2013"]
[Site "Ballerup"]
[Date "2013.??.??"]
[Round "5"]
[White "Andersen, Daniel"]
[Black "Karlsson, Ulf"]
[Result "1-0"]
[WhiteElo "1935"]
[BlackElo "2004"]
[PlyCount "79"]
[EventDate "2013.??.??"]
[EventType "swiss"]
[EventRounds "9"]
[EventCountry "DEN"]

1. c4 e5 2. Nc3 Nc6 3. Nf3 f5 4. d4 e4 5. Ne5 Bb4 6. Nxc6 dxc6 7. Qb3 Bxc3+ 8.
Qxc3 Nf6 9. Bf4 Qe7 10. e3 Be6 11. Qa5 b6 12. Qa4 O-O 13. O-O-O Ng4 14. Bg3 Bd7
15. h3 c5 16. Qb3 Nf6 17. Bxc7 Ba4 18. Qxa4 Qxc7 19. d5 Qd6 20. Be2 Rfd8 21. g4
f4 22. g5 Ne8 23. Bg4 Qe5 24. Qc2 f3 25. h4 Nd6 26. Be6+ Kh8 27. Rhg1 g6 28. h5
Kg7 29. Rh1 Ne8 30. Rh4 Nd6 31. Rdh1 Rh8 32. h6+ Kf8 33. Rf4+ Ke7 34. Qa4 Rhd8
35. Qc6 Rac8 36. Bxc8 Rxc8 37. Qa4 Rc7 38. Rf6 b5 39. Qa6 Kd7 40. Re6 1-0

[Event "Copenhagen Chess Challenge 2013"]
[Site "Ballerup"]
[Date "2013.??.??"]
[Round "5"]
[White "Petrovski, Petruli"]
[Black "Hansen, Rasmus Agertoft"]
[Result "0-1"]
[WhiteElo "1858"]
[BlackElo "1981"]
[PlyCount "134"]
[EventDate "2013.??.??"]
[EventType "swiss"]
[EventRounds "9"]
[EventCountry "DEN"]

1. Nf3 g6 2. d4 f5 3. c4 Nf6 4. Nc3 Bg7 5. g3 O-O 6. Bg2 d6 7. O-O Nc6 8. a3
Ne4 9. Qd3 Nxc3 10. bxc3 e5 11. dxe5 dxe5 12. Qc2 e4 13. Rd1 Qe7 14. Bg5 Qe6
15. Nd2 h6 16. Be3 Ne5 17. Qb3 b6 18. Bd4 c5 19. Bxe5 Qxe5 20. Rac1 Be6 21. Qa4
g5 22. e3 h5 23. Qc6 Rac8 24. Qb7 Rc7 25. Qa6 h4 26. a4 Rd7 27. Nb3 Rfd8 28.
Re1 h3 29. Bxh3 Bf6 30. Bf1 f4 31. exf4 gxf4 32. Bg2 e3 33. Bf3 Qg5 34. Rf1 Bh3
35. Bg2 Qf5 36. fxe3 Rd2 37. Nxd2 Rxd2 38. Rf2 Rxf2 39. Bd5+ Kh8 40. Qxa7 fxe3
41. Qa8+ Kg7 42. Qg8+ Kh6 43. Qf8+ Bg7 44. Qxf5 Rxf5 45. Be6 Rh5 46. Bxh3 Rxh3
47. Re1 Bxc3 48. Re2 Rh5 49. Kg2 Bd4 50. g4 Re5 51. h4 Re8 52. Re1 Rf8 53. Rb1
Rf2+ 54. Kh3 Rb2 55. Rxb2 Bxb2 56. Kg2 Bd4 57. Kf3 Kg6 58. Ke2 Kf6 59. Kf3 Ke5
60. h5 Kf6 61. Ke2 Kg5 62. Kf3 e2 63. Kxe2 Kxg4 64. h6 Kg3 65. h7 Kf4 66. Kd2
Ke4 67. Ke2 Bg7 0-1

[Event "Copenhagen Chess Challenge 2013"]
[Site "Ballerup"]
[Date "2013.??.??"]
[Round "5"]
[White "Villegas, Pierre"]
[Black "Tikkanen, Hans"]
[Result "1/2-1/2"]
[WhiteElo "2281"]
[BlackElo "2552"]
[PlyCount "102"]
[EventDate "2013.??.??"]
[EventType "swiss"]
[EventRounds "9"]
[EventCountry "DEN"]

1. d4 d5 2. c4 e6 3. Nc3 c6 4. e4 dxe4 5. Nxe4 Bb4+ 6. Bd2 Qxd4 7. Bxb4 Qxe4+
8. Ne2 Nd7 9. Qd6 c5 10. Bc3 Ne7 11. O-O-O Nf5 12. Qc7 Qc6 13. Qxc6 bxc6 14.
Ng3 Nd4 15. Bxd4 cxd4 16. Rxd4 c5 17. Rd2 Bb7 18. f3 Rd8 19. Be2 h5 20. Rhd1 h4
21. Nh1 Ke7 22. Nf2 g5 23. a3 a5 24. b3 Bc6 25. Kc2 Rb8 26. Kc3 Rb7 27. Bd3 h3
28. Be4 Bxe4 29. Nxe4 hxg2 30. Rxg2 f6 31. f4 Rh3+ 32. Rg3 Rxh2 33. fxg5 f5 34.
Nd6 Rb8 35. Re3 Rf8 36. g6 f4 37. g7 fxe3 38. gxf8=Q+ Nxf8 39. Nb7 Nd7 40. Re1
e2 41. Kd2 a4 42. Rxe2 Rxe2+ 43. Kxe2 axb3 44. Kd2 Nb6 45. Nxc5 Nxc4+ 46. Kc3
b2 47. Kc2 e5 48. Nd3 b1=Q+ 49. Kxb1 e4 50. Kc2 exd3+ 51. Kxd3 Nxa3 1/2-1/2

[Event "Copenhagen Chess Challenge 2013"]
[Site "Ballerup"]
[Date "2013.??.??"]
[Round "5"]
[White "Gandrud, Vegar Koi"]
[Black "Haub, Thorsten Michael"]
[Result "0-1"]
[WhiteElo "2251"]
[BlackElo "2458"]
[PlyCount "60"]
[EventDate "2013.??.??"]
[EventType "swiss"]
[EventRounds "9"]
[EventCountry "DEN"]

1. d4 g6 2. c4 Bg7 3. Nf3 d6 4. e4 Nd7 5. Be2 e6 6. O-O Ne7 7. Nc3 O-O 8. b3 h6
9. Bb2 f5 10. Qc2 a6 11. Rad1 Qe8 12. Rfe1 g5 13. exf5 Nxf5 14. Bd3 Qf7 15.
Bxf5 Qxf5 16. Qxf5 Rxf5 17. Rxe6 Ne5 18. Re7 Nxf3+ 19. gxf3 Bf6 20. Re3 Bd8 21.
Ne4 b5 22. Ng3 Rf8 23. d5 Rb8 24. Bc3 bxc4 25. bxc4 Bh3 26. Nh5 Kh7 27. Rde1
Kg6 28. Ng3 Bf6 29. Re6 Bxe6 30. Rxe6 Rbe8 0-1

[Event "Copenhagen Chess Challenge 2013"]
[Site "Ballerup"]
[Date "2013.??.??"]
[Round "5"]
[White "Hansen, Mads"]
[Black "Hagen, Anders Gjerdrum"]
[Result "0-1"]
[WhiteElo "2301"]
[BlackElo "2134"]
[PlyCount "90"]
[EventDate "2013.??.??"]
[EventType "swiss"]
[EventRounds "9"]
[EventCountry "DEN"]

1. c4 Nf6 2. g3 c6 3. Bg2 d5 4. Nf3 e6 5. O-O Be7 6. b3 O-O 7. Bb2 b6 8. d3 Bb7
9. Nbd2 Nbd7 10. Qc2 c5 11. cxd5 Nxd5 12. a3 Bf6 13. Nc4 Bxb2 14. Qxb2 Qe7 15.
Rfd1 Rfd8 16. Rab1 Rac8 17. e4 N5f6 18. Rbc1 Rc7 19. Qd2 Nf8 20. Qe1 Ng6 21. h3
Rcd7 22. Bf1 Ne8 23. b4 cxb4 24. axb4 f5 25. Ncd2 Qxb4 26. exf5 exf5 27. Qe6+
Kh8 28. Ng5 Qf8 29. Ra1 Bd5 30. Qe1 Re7 31. Be2 Nf6 32. Qf1 h6 33. Ngf3 Nh7 34.
Re1 Qf6 35. h4 Rde8 36. d4 f4 37. h5 Ngf8 38. Ne5 Ng5 39. Bb5 Rc8 40. Rac1 Rec7
41. Rxc7 Rxc7 42. Ng4 Qf5 43. Re8 Rc8 44. Rxc8 Qxc8 45. Qe2 Qc1+ 0-1

[Event "Copenhagen Chess Challenge 2013"]
[Site "Ballerup"]
[Date "2013.??.??"]
[Round "5"]
[White "Petersen, Peter Birk"]
[Black "Arvola, Benjamin"]
[Result "0-1"]
[WhiteElo "2167"]
[BlackElo "2358"]
[PlyCount "68"]
[EventDate "2013.??.??"]
[EventType "swiss"]
[EventRounds "9"]
[EventCountry "DEN"]

1. e4 e5 2. Nf3 Nc6 3. Bb5 a6 4. Ba4 Nf6 5. O-O Nxe4 6. d4 b5 7. Bb3 d5 8. dxe5
Be6 9. Be3 Be7 10. Nbd2 Nc5 11. c3 Nd3 12. Nd4 Nxd4 13. cxd4 Nxb2 14. Qc2 Nc4
15. a4 O-O 16. Ra2 f5 17. exf6 Bxf6 18. Rfa1 c5 19. axb5 cxd4 20. Nxc4 dxe3 21.
Nxe3 Bxa1 22. Rxa1 axb5 23. Rd1 Kh8 24. h3 Qf6 25. Bxd5 Ra1 26. Bxe6 Rxd1+ 27.
Nxd1 Qxe6 28. Ne3 Qe5 29. g3 b4 30. Ng4 Qc3 31. Qe4 Qc1+ 32. Kh2 Qc5 33. Qe6
Qf5 34. Qd6 b3 0-1

[Event "Copenhagen Chess Challenge 2013"]
[Site "Ballerup"]
[Date "2013.??.??"]
[Round "5"]
[White "Thybo, Jesper Sondergaard"]
[Black "Lokander, Martin"]
[Result "0-1"]
[WhiteElo "2091"]
[BlackElo "2225"]
[PlyCount "56"]
[EventDate "2013.??.??"]
[EventType "swiss"]
[EventRounds "9"]
[EventCountry "DEN"]

1. d4 Nf6 2. c4 g6 3. Nc3 d5 4. Bg5 Bg7 5. Bxf6 Bxf6 6. cxd5 c5 7. dxc5 O-O 8.
Nf3 Qa5 9. Qd2 Nd7 10. Ne4 Qxd2+ 11. Nfxd2 Bxb2 12. Rb1 Ba3 13. c6 bxc6 14.
dxc6 Nc5 15. Nc3 a5 16. Nb5 Bb4 17. a3 Bxd2+ 18. Kxd2 Bf5 19. Re1 Rab8 20. Nd4
e5 21. Nxf5 gxf5 22. g4 Ne4+ 23. Kc2 Rfc8 24. Ra1 Rxc6+ 25. Kd1 Nxf2+ 26. Ke1
Nxh1 27. Bg2 Rcb6 28. Bxh1 Rb1+ 0-1

[Event "Copenhagen Chess Challenge 2013"]
[Site "Ballerup"]
[Date "2013.??.??"]
[Round "5"]
[White "Molvig, Henrik"]
[Black "Karlsson, Robin"]
[Result "1-0"]
[WhiteElo "2178"]
[BlackElo "1947"]
[PlyCount "67"]
[EventDate "2013.??.??"]
[EventType "swiss"]
[EventRounds "9"]
[EventCountry "DEN"]

1. d4 Nf6 2. c4 g6 3. Nc3 Bg7 4. e4 d6 5. Nf3 O-O 6. Be2 e5 7. O-O Nc6 8. d5
Ne7 9. Ne1 Nd7 10. Be3 f5 11. f3 f4 12. Bf2 g5 13. Rc1 Nf6 14. c5 Ng6 15. cxd6
cxd6 16. Nb5 Rf7 17. Nxa7 Bd7 18. Bb5 g4 19. Bxd7 Qxd7 20. Bb6 gxf3 21. gxf3
Qh3 22. Nb5 Bf8 23. Nc7 Rg7 24. Ne6 Re7 25. a3 Bh6 26. Rf2 Kh8 27. Qe2 Nh4 28.
Qf1 Rg8+ 29. Kh1 Nxf3 30. Rxf3 Qh5 31. Rc4 Rg3 32. Rxg3 fxg3 33. Qxf6+ Bg7 34.
Rc8+ 1-0

[Event "Copenhagen Chess Challenge 2013"]
[Site "Ballerup"]
[Date "2013.??.??"]
[Round "5"]
[White "Skovgaard, Ib"]
[Black "Rydstrom, Tom"]
[Result "0-1"]
[WhiteElo "2028"]
[BlackElo "2149"]
[PlyCount "32"]
[EventDate "2013.??.??"]
[EventType "swiss"]
[EventRounds "9"]
[EventCountry "DEN"]

1. e4 e5 2. Nf3 Nc6 3. Bb5 a6 4. Ba4 Nge7 5. Bb3 d5 6. d4 Bg4 7. c3 f6 8. O-O
dxe4 9. Ng5 Bxd1 10. Bf7+ Kd7 11. Be6+ Kd6 12. dxe5+ Nxe5 13. Rxd1+ Kc6 14.
Rxd8 Rxd8 15. Bb3 fxg5 16. Bxg5 h6 0-1

[Event "Copenhagen Chess Challenge 2013"]
[Site "Ballerup"]
[Date "2013.??.??"]
[Round "5"]
[White "Andersen, Rune Egede"]
[Black "Andreassen, Mikkel"]
[Result "1-0"]
[WhiteElo "2069"]
[BlackElo "1928"]
[PlyCount "57"]
[EventDate "2013.??.??"]
[EventType "swiss"]
[EventRounds "9"]
[EventCountry "DEN"]

1. e4 e5 2. Nf3 Nc6 3. Bb5 a6 4. Ba4 Nf6 5. Qe2 b5 6. Bb3 Bc5 7. c3 d6 8. d3 h6
9. Nbd2 O-O 10. Nf1 d5 11. Be3 d4 12. Bd2 Qe7 13. h3 Re8 14. g4 Kh7 15. Ng3 g6
16. g5 Ng8 17. Bd5 Bd7 18. gxh6 f6 19. Nh4 dxc3 20. bxc3 b4 21. Nxg6 Kxg6 22.
Qh5+ Kh7 23. Nf5 bxc3 24. Nxe7 cxd2+ 25. Kxd2 Rxe7 26. Bf7 Bb4+ 27. Kd1 Nd4 28.
Qg6+ Kh8 29. Qg7# 1-0

[Event "Copenhagen Chess Challenge 2013"]
[Site "Ballerup"]
[Date "2013.??.??"]
[Round "5"]
[White "Andersen, Troels Baekgaard"]
[Black "Mihajlov, Sebastian"]
[Result "0-1"]
[WhiteElo "1837"]
[BlackElo "2063"]
[PlyCount "104"]
[EventDate "2013.??.??"]
[EventType "swiss"]
[EventRounds "9"]
[EventCountry "DEN"]

1. d4 d5 2. Nf3 Nf6 3. c4 c6 4. cxd5 cxd5 5. Nc3 Nc6 6. Bf4 Bf5 7. Qb3 a6 8.
Qxb7 Na5 9. Qc7 Qxc7 10. Bxc7 Nc4 11. Nh4 Rc8 12. Nxf5 Rxc7 13. Ne3 Nxe3 14.
fxe3 e6 15. a3 Bd6 16. e4 Nxe4 17. Nxe4 dxe4 18. e3 Rc2 19. Bxa6 Rxg2 20. b4
Ke7 21. Bb7 f5 22. Kf1 Rc2 23. Rg1 Kf6 24. Rg2 Rc3 25. Ke2 Rb8 26. Ba6 Rb6 27.
Kd2 Rxa3 28. Rxa3 Bxb4+ 29. Kd1 Bxa3 30. Bc4 Rb1+ 31. Ke2 g5 32. Ba2 Rh1 33.
Bb3 Bd6 34. Bc2 h5 35. Rf2 Rxh2 36. Rxh2 Bxh2 37. Kf2 g4 38. Kg2 Bd6 39. Ba4 h4
40. Bb3 e5 41. d5 f4 42. Bc2 Kf5 43. exf4 exf4 44. Kf2 Ke5 45. Bb3 f3 46. Bc4
Kd4 47. Bb3 e3+ 48. Ke1 g3 49. Bd1 Ke4 50. Kf1 h3 51. Kg1 h2+ 52. Kh1 g2# 0-1